Library history of the united states history (Record no. 172597)

MARC details
000 -LEADER
fixed length control field 00406nam a2200157Ia 4500
008 - FIXED-LENGTH DATA ELEMENTS--GENERAL INFORMATION
fixed length control field 230917s9999||||xx |||||||||||||| ||und||
040 ## - CATALOGING SOURCE
-- 128910
Original cataloging agency VIVEKANANDA LIBRARY
041 ## - Language
-- English
082 ## - DDC NUMBER
Classification number 810.9 Sp45L
100 ## - MAIN ENTRY--PERSONAL NAME
Personal name Spiller, Robert E
245 #0 - TITLE STATEMENT
Title Library history of the united states history
250 ## - EDITION STATEMENT
Edition statement 3rd ed.
260 ## - PUBLICATION, DISTRIBUTION, ETC. (IMPRINT)
Place of publication, distribution, etc New Delhi
Name of publisher, distributor, etc Amerind Publishing
Date of publication, distribution, etc 1963
300 ## - PHYSICAL DESCRIPTION
Pages 1510p p.
942 ## - ADDED ENTRY ELEMENTS (KOHA)
Koha item type Books
Holdings
Withdrawn status Lost status Damaged status Not for loan Location (home branch) Sublocation or collection (holding branch) Date acquired Koha issues (times borrowed) Koha full call number Accession No. Koha date last seen Koha item type
        VIVEKANANDA LIBRARY VIVEKANANDA LIBRARY 30/01/2010   810.9 Sp45L 32378 17/09/2023 Books
© Designed and Maintained by Vivekananda Library, MDU Rohtak